[Event "SR 2. liga A 2004/2005"]
[Site "?"]
[Date "2005.03.19"]
[Round "10.5"]
[White "Bednar, Miroslav"]
[Black "Sabolik, Frantisek"]
[Result "0-1"]
[WhiteElo "2066"]
[BlackElo "2129"]
[PlyCount "72"]
[EventDate "2004.??.??"]
[TimeControl "240+2"]

{48MB, Fritz8.ctg, FRATRIC-A552EF0} 1. e4 d6 2. f4 g6 3. Nf3 Bg7 4. Nc3 c6 5.
g3 Bg4 6. Bg2 Na6 7. h3 Bxf3 8. Qxf3 Nb4 9. Qd1 e5 10. d3 Nf6 11. a3 Na6 12. g4
Nd7 13. O-O Nac5 14. f5 g5 15. b4 Na6 16. Be3 Nc7 17. a4 Bf6 18. Ne2 h6 19. c3
Be7 20. Qb3 O-O 21. Ng3 Nf6 22. d4 Nce8 23. Rad1 Qc7 24. Bf3 Nd7 25. f6 Bxf6
26. Nf5 Kh7 27. h4 Ng7 28. Be2 Nxf5 29. Rxf5 Kg6 30. Rdf1 Qd8 31. hxg5 hxg5 32.
Qb2 Qe7 33. c4 Rae8 34. Qd2 exd4 35. Bxd4 Bxd4+ 36. Qxd4 Qxe4 {Time 2:00-1:59}
0-1

[Event "SR 2. liga A 2004/2005"]
[Site "?"]
[Date "2005.03.19"]
[Round "10.5"]
[White "Farkas, Gabor"]
[Black "Bednar, Jan"]
[Result "1-0"]
[WhiteElo "2072"]
[BlackElo "2103"]
[PlyCount "105"]
[EventDate "2004.??.??"]

1. e4 e5 2. f4 exf4 3. Nf3 g5 4. Bc4 Bg7 5. d4 h6 6. g3 d6 7. O-O Nc6 8. c3 g4
9. Nh4 f3 10. Nd2 Nf6 11. h3 h5 12. Ndxf3 gxf3 13. Qxf3 Rf8 14. Bg5 Bxh3 15.
Rf2 Bg4 16. Bxf6 Bxf3 17. Bxd8 Bxe4 18. Re1 Nxd8 19. Rxe4+ Kd7 20. Nf5 Bf6 21.
Nxd6 Bxd4 22. Rxd4 cxd6 23. Rfd2 Rc8 24. Rxd6+ Ke7 25. Be2 Rh8 26. Rd7+ Kf6 27.
Bxh5 Rxh5 28. Rxd8 Rxd8 29. Rxd8 Rb5 30. b4 Ke5 31. Kf2 Ke4 32. Rd4+ Ke5 33.
Ke3 Rb6 34. a3 Ra6 35. Rd7 Rxa3 36. Kd3 b6 37. Rxf7 Ra1 38. g4 a5 39. bxa5 bxa5
40. g5 Rd1+ 41. Kc4 Rg1 42. Ra7 Rg4+ 43. Kb3 Kd6 44. Rxa5 Kc6 45. c4 Kb6 46.
Kb4 Rg1 47. Rf5 Rb1+ 48. Kc3 Rg1 49. Kd4 Rg4+ 50. Kd5 Kc7 51. Ke6 Rxc4 52. g6
Rd4 53. Kf7 1-0

[Event "SR 2. liga A 2004/2005"]
[Site "?"]
[Date "2005.03.19"]
[Round "10.5"]
[White "Gajarsky, Roman"]
[Black "Sukuba, Zdeno"]
[Result "0-1"]
[WhiteElo "2025"]
[BlackElo "2102"]
[PlyCount "66"]
[EventDate "2004.??.??"]

1. e4 c6 2. d4 d5 3. e5 Bf5 4. Bd3 Bxd3 5. Qxd3 e6 6. f4 Ne7 7. Nf3 Qa5+ 8. c3
Qa6 9. Qxa6 Nxa6 10. Nbd2 h5 11. b4 Nf5 12. Nb3 b6 13. Bd2 Be7 14. O-O Kd7 15.
a4 Nc7 16. a5 Rhc8 17. Ra2 c5 18. axb6 axb6 19. Rfa1 Rxa2 20. Rxa2 cxb4 21.
cxb4 Ra8 22. Rxa8 Nxa8 23. Kf2 Nc7 24. Nc1 Kc6 25. h3 h4 26. Ng5 Bxg5 27. fxg5
Nxd4 28. Ke3 Nf5+ 29. Kf4 g6 30. Ne2 Na6 31. g4 hxg3 32. Nxg3 Nxg3 33. Kxg3 d4
0-1

[Event "SR 2. liga A 2004/2005"]
[Site "?"]
[Date "2005.03.19"]
[Round "10.5"]
[White "Kruppa, Dominik"]
[Black "Rohackova, Veronika"]
[Result "0-1"]
[WhiteElo "2029"]
[BlackElo "2056"]
[PlyCount "108"]
[EventDate "2004.??.??"]

1. e4 c5 2. Nf3 Nc6 3. d4 cxd4 4. Nxd4 g6 5. Nc3 Bg7 6. Be3 Nf6 7. Bc4 Qa5 8.
O-O O-O 9. Bb3 d6 10. h3 Bd7 11. f4 Rac8 12. Qf3 a6 13. Rad1 b5 14. Nd5 Qd8 15.
Nxc6 Bxc6 16. Bd4 Ne8 17. f5 Bxd5 18. exd5 Nf6 19. c3 Qd7 20. g4 gxf5 21. gxf5
Kh8 22. Kh2 Rg8 23. Rg1 Bh6 24. Rde1 Rxg1 25. Rxg1 Rg8 26. Rf1 Qd8 27. Qh5 Qf8
28. Qe2 Qg7 29. Rg1 Bf4+ 30. Kh1 Qh6 31. Bxf6+ Qxf6 32. Rxg8+ Kxg8 33. Qg4+ Qg5
34. Bd1 Kg7 35. Kg2 Kf6 36. Kf3 Ke5 37. Bc2 Qxg4+ 38. Kxg4 Bc1 39. b3 Kxd5 40.
f6 e5 41. Kf5 Bd2 42. c4+ bxc4 43. bxc4+ Kd4 44. h4 h6 45. h5 Bc3 46. Bb3 e4
47. c5 d5 48. c6 Ba5 49. Bd1 Bc7 50. Be2 a5 51. a4 Ke3 52. Bd1 Kd3 53. Kg4 Kd2
54. Bb3 e3 0-1

[Event "SR 2. liga A 2004/2005"]
[Site "?"]
[Date "2005.03.19"]
[Round "10.5"]
[White "Pribila, Michal"]
[Black "Breja, Stanislav"]
[Result "1/2-1/2"]
[WhiteElo "2058"]
[BlackElo "2131"]
[PlyCount "50"]
[EventDate "2004.??.??"]

1. e4 e5 2. Nc3 Nf6 3. Bc4 Bb4 4. d3 d5 5. exd5 Nxd5 6. Nge2 Bg4 7. Bd2 Nxc3 8.
Bxc3 Bxc3+ 9. bxc3 O-O 10. Rb1 Nd7 11. f3 Bh5 12. h4 h6 13. g4 Bg6 14. Qd2 Nb6
15. Bb3 Kh8 16. f4 exf4 17. Nxf4 Qd6 18. Qf2 Qc6 19. Kd2 Rad8 20. Rbg1 Be4 21.
Rh3 Bd5 22. g5 Bxb3 23. cxb3 Nd5 24. Nxd5 Rxd5 25. gxh6 Qxh6+ 1/2-1/2

[Event "SR 2. liga A 2004/2005"]
[Site "?"]
[Date "2005.03.19"]
[Round "10.5"]
[White "Szitkey, Milan"]
[Black "Hartl, Jan"]
[Result "1-0"]
[WhiteElo "2217"]
[BlackElo "2158"]
[PlyCount "71"]
[EventDate "2004.??.??"]

1. e4 d5 2. exd5 Nf6 3. d4 Nxd5 4. Nf3 g6 5. Be2 Bg7 6. c4 Nf6 7. O-O O-O 8. b3
c5 9. Bb2 cxd4 10. Nxd4 a6 11. Nc3 Qc7 12. Bf3 Rd8 13. Nd5 Nxd5 14. cxd5 e6 15.
Rc1 Qb6 16. dxe6 fxe6 17. Qe2 Bd7 18. Rfd1 e5 19. Qc4+ Kh8 20. Ne6 Bxe6 21.
Rxd8+ Qxd8 22. Qxe6 Nc6 23. Bxc6 bxc6 24. Bxe5 Qd2 25. Bxg7+ Kxg7 26. Qxc6 Re8
27. Rf1 Qe2 28. a4 h5 29. h4 Re4 30. Qd7+ Re7 31. Qd4+ Kh7 32. Rc1 Qe6 33. g3
Qxb3 34. Rc6 Re1+ 35. Kg2 Qb7 36. Qf6 1-0

[Event "SR 2. liga A 2004/2005"]
[Site "?"]
[Date "2005.03.19"]
[Round "10.6"]
[White "Djubek, Boris"]
[Black "Kasanicky, Robert"]
[Result "1/2-1/2"]
[WhiteElo "2127"]
[BlackElo "2005"]
[PlyCount "54"]
[EventDate "2004.??.??"]

1. d4 d5 2. c4 e6 3. Nc3 Nf6 4. Bg5 Nbd7 5. Nf3 c6 6. e3 Qa5 7. cxd5 Nxd5 8.
Qd2 Bb4 9. Rc1 N7b6 10. e4 Nxc3 11. bxc3 Ba3 12. Rb1 Bd7 13. Bd3 c5 14. O-O
cxd4 15. cxd4 Qxd2 16. Bxd2 O-O 17. Ba5 Bc6 18. Bxb6 axb6 19. Rxb6 Be7 20. Rb2
Ra3 21. Rd1 Bf6 22. Bb1 Rd8 23. h3 g6 24. Rbd2 Ra5 25. Rc1 Bg7 26. Re1 Bf8 27.
Rb2 Bg7 1/2-1/2

[Event "SR 2. liga A 2004/2005"]
[Site "?"]
[Date "2005.03.19"]
[Round "10.6"]
[White "Hricak, Vasil"]
[Black "Ac, Alexander"]
[Result "1-0"]
[WhiteElo "2014"]
[BlackElo "2089"]
[PlyCount "81"]
[EventDate "2004.??.??"]
[TimeControl "240+2"]

{48MB, Fritz8.ctg, FRATRIC-A552EF0} 1. e4 e6 2. d4 d5 3. Nd2 c5 4. exd5 exd5 5.
Ngf3 Nf6 6. Bb5+ Bd7 7. Bxd7+ Nbxd7 8. O-O Be7 9. dxc5 Nxc5 10. Nb3 O-O 11.
Nxc5 Bxc5 12. Bg5 Rc8 13. c3 Rc6 14. Nd4 Rb6 15. Rb1 h6 16. Bh4 Qd7 17. Re1 g5
18. Bg3 Ne4 19. Nb3 Rxb3 20. axb3 Qf5 21. Qf3 Qxf3 22. gxf3 Nd2 23. Kg2 Nxb1
24. Rxb1 f5 25. b4 Bb6 26. Bd6 Re8 27. Bc5 Bxc5 28. bxc5 Kf7 29. Rd1 Ke6 30.
Re1+ Kd7 31. Rxe8 Kxe8 32. f4 Kd7 33. fxg5 hxg5 34. f4 g4 35. Kg3 Ke6 36. Kh4
d4 37. cxd4 Kd5 38. Kg5 Kxd4 39. Kxf5 Kxc5 40. Ke6 b5 41. f5 1-0

[Event "SR 2. liga A 2004/2005"]
[Site "?"]
[Date "2005.03.19"]
[Round "10.6"]
[White "Macko, Michal"]
[Black "Hanzluvka, Peter"]
[Result "1-0"]
[WhiteElo "2144"]
[BlackElo "2081"]
[PlyCount "81"]
[EventDate "2004.??.??"]

1. c4 Nf6 2. Nc3 e6 3. g3 c6 4. Bg2 d5 5. b3 Bc5 6. Nf3 Nbd7 7. O-O O-O 8. d4
Be7 9. a3 Re8 10. Bf4 Nf8 11. b4 dxc4 12. Qc2 Ng6 13. Bg5 Nd5 14. Bxe7 Qxe7 15.
Ne5 Bd7 16. Ne4 b5 17. Nc5 Nxe5 18. dxe5 a5 19. Qb2 Ra7 20. e4 Nb6 21. Qd4 Rea8
22. Rad1 axb4 23. axb4 Be8 24. f4 Nd7 25. f5 Nxc5 26. bxc5 Rd7 27. Qe3 Rxd1 28.
Rxd1 Rd8 29. Rd6 Ra8 30. Bf1 Ra1 31. Qd4 Ra7 32. f6 Qf8 33. Rd8 gxf6 34. exf6
Rd7 35. Rxd7 Bxd7 36. Qxd7 Qxc5+ 37. Kg2 c3 38. Qc8+ Qf8 39. Qxc6 b4 40. Bd3 h6
41. e5 1-0

[Event "SR 2. liga A 2004/2005"]
[Site "?"]
[Date "2005.03.19"]
[Round "10.6"]
[White "Mojica, Martina"]
[Black "Puchart, Vladimir"]
[Result "0-1"]
[WhiteElo "2110"]
[BlackElo "2085"]
[PlyCount "76"]
[EventDate "2004.??.??"]

1. e4 c5 2. c3 Nf6 3. e5 Nd5 4. d4 cxd4 5. cxd4 d6 6. Nf3 Nc6 7. Be2 e6 8. O-O
Be7 9. exd6 Bxd6 10. Nc3 Nxc3 11. bxc3 O-O 12. Be3 b6 13. h3 Qc7 14. Nd2 Bb7
15. Nc4 Be7 16. f4 Rac8 17. Rc1 Rfd8 18. Qe1 Bf6 19. Ne5 g6 20. Nxc6 Bxc6 21.
Qf2 Qb7 22. Bf3 Bxf3 23. Qxf3 Qxf3 24. Rxf3 Rc4 25. Bd2 Rd5 26. Ra1 Rdxd4 27.
cxd4 Bxd4+ 28. Kh2 Bxa1 29. Ra3 a5 30. Be3 Bd4 31. Bd2 a4 32. Rd3 h5 33. Kg3 b5
34. a3 Kg7 35. Rxd4 Rxd4 36. Bc3 e5 37. Bxd4 exd4 38. Kf3 b4 0-1

[Event "SR 2. liga A 2004/2005"]
[Site "?"]
[Date "2005.03.19"]
[Round "10.6"]
[White "Povysil, Peter"]
[Black "Slamena, Michal"]
[Result "1-0"]
[WhiteElo "2078"]
[BlackElo "2089"]
[PlyCount "69"]
[EventDate "2004.??.??"]

1. d4 Nf6 2. Nf3 c5 3. Nc3 cxd4 4. Qxd4 Nc6 5. Qa4 e5 6. Bg5 Bb4 7. O-O-O Bxc3
8. bxc3 h6 9. Bh4 Qc7 10. Bxf6 gxf6 11. Qa3 b5 12. e4 Rb8 13. Qc5 b4 14. c4 a5
15. Nh4 a4 16. Nf5 Qa5 17. Ng7+ Kd8 18. Qxc6 b3 19. Qxf6+ Kc7 20. Qd6+ Kd8 21.
Qxb8 Qc3 22. Qb6+ Ke7 23. Qd6+ Kd8 24. axb3 axb3 25. Qb6+ Ke7 26. Qxb3 Qa1+ 27.
Kd2 Qd4+ 28. Qd3 Qxf2+ 29. Be2 d6 30. Rhf1 Qxg2 31. Rg1 Qf2 32. Kc1 Qf4+ 33.
Qd2 Qf6 34. Rgf1 Qg6 35. Bh5 1-0

[Event "SR 2. liga A 2004/2005"]
[Site "?"]
[Date "2005.03.19"]
[Round "10.6"]
[White "Stefan, Oldrich"]
[Black "Varga, David"]
[Result "1-0"]
[WhiteElo "2085"]
[BlackElo "2044"]
[PlyCount "35"]
[EventDate "2004.??.??"]

1. d4 Nf6 2. Nf3 d5 3. c4 e6 4. Nc3 Nbd7 5. e3 Be7 6. Bd3 O-O 7. O-O c5 8. cxd5
exd5 9. dxc5 Nxc5 10. Bc2 Bg4 11. b3 Qa5 12. Nxd5 Nxd5 13. Qxd5 Rfd8 14. Qc4
Bxf3 15. gxf3 b5 16. Qe2 Bf6 17. Rb1 Qxa2 18. Bxh7+ 1-0

[Event "SR 2. liga A 2004/2005"]
[Site "?"]
[Date "2005.03.19"]
[Round "10.7"]
[White "Bilovsky, Milan"]
[Black "Isa, Vlastimil"]
[Result "1-0"]
[WhiteElo "1875"]
[BlackElo "1986"]
[PlyCount "59"]
[EventDate "2004.??.??"]

1. c4 Nf6 2. d4 c5 3. d5 e6 4. Nc3 exd5 5. cxd5 d6 6. e4 g6 7. Be2 Bg7 8. f4
O-O 9. Nf3 Bg4 10. h3 Bxf3 11. Bxf3 Na6 12. O-O Rb8 13. Re1 Nd7 14. Be2 Nc7 15.
a4 a6 16. a5 Re8 17. Qc2 b5 18. axb6 Rxb6 19. Bd2 Nb5 20. Nxb5 axb5 21. Ba5
Bd4+ 22. Kh1 Qf6 23. Bxb6 Nxb6 24. g3 Bxb2 25. Rab1 Bd4 26. Bxb5 Rd8 27. Qe2
Kg7 28. Bc6 Nd7 29. Rb7 Nb8 30. Ba4 1-0

[Event "SR 2. liga A 2004/2005"]
[Site "?"]
[Date "2005.03.19"]
[Round "10.7"]
[White "Mosny, Jaroslav"]
[Black "Novak, Stanislav"]
[Result "1-0"]
[WhiteElo "2046"]
[BlackElo "2055"]
[PlyCount "37"]
[EventDate "2004.??.??"]

1. d4 d5 2. c4 e6 3. Nc3 Nf6 4. cxd5 exd5 5. Bg5 Nbd7 6. e3 c6 7. Bd3 h6 8. Bh4
Be7 9. Nf3 O-O 10. Qc2 Re8 11. O-O Nh5 12. Bxe7 Qxe7 13. Rab1 Nhf6 14. b4 b6
15. Qa4 Bb7 16. Rfe1 Qd6 17. Qc2 Rac8 18. a4 Rc7 19. Nb5 1-0

[Event "SR 2. liga A 2004/2005"]
[Site "?"]
[Date "2005.03.19"]
[Round "10.7"]
[White "Pericka, Tomas"]
[Black "Machalova, Erika"]
[Result "0-1"]
[WhiteElo "1930"]
[BlackElo "2037"]
[PlyCount "70"]
[EventDate "2004.??.??"]

1. e4 c5 2. Nf3 d6 3. d4 cxd4 4. Nxd4 Nf6 5. Nc3 a6 6. Be2 e5 7. Nb3 Be7 8. Bg5
Be6 9. O-O Qc7 10. Qd2 Nbd7 11. Rad1 O-O 12. f4 b5 13. a3 Bc4 14. Nc1 exf4 15.
Bxf4 Ne5 16. Nd3 Rad8 17. Kh1 Be6 18. Nb4 Qb7 19. Bf3 Rd7 20. Ncd5 Bxd5 21.
Nxd5 Nxd5 22. Qxd5 Qxd5 23. Rxd5 Nc4 24. Bc1 Bf6 25. c3 Be5 26. Rfd1 Re7 27.
Kg1 Nb6 28. R5d3 Na4 29. Kf2 Nc5 30. Re3 Bf4 31. Ree1 Bxc1 32. Rxc1 Nd3+ 33.
Kf1 Nxe1 34. Rxe1 f5 35. Kg1 Rfe8 0-1

[Event "SR 2. liga A 2004/2005"]
[Site "?"]
[Date "2005.03.19"]
[Round "10.7"]
[White "Peska, Juraj"]
[Black "Faltan, Peter"]
[Result "1-0"]
[WhiteElo "1848"]
[BlackElo "2109"]
[PlyCount "39"]
[EventDate "2004.??.??"]

1. c4 e5 2. Nc3 d6 3. g3 f5 4. Bg2 Nf6 5. Nf3 c6 6. O-O Be7 7. d3 O-O 8. b4 b6
9. Qb3 h6 10. a4 Be6 11. b5 a5 12. Nh4 Qc7 13. Ng6 Re8 14. bxc6 Nxc6 15. Nb5
Qd7 16. Ba3 d5 17. Bxe7 dxc4 18. dxc4 Nxe7 19. Nxe5 Qd2 20. Bxa8 1-0

[Event "SR 2. liga A 2004/2005"]
[Site "?"]
[Date "2005.03.19"]
[Round "10.7"]
[White "Rachela, Robert"]
[Black "Gettler, Daniel"]
[Result "0-1"]
[WhiteElo "1849"]
[BlackElo "2105"]
[PlyCount "100"]
[EventDate "2004.??.??"]

1. e4 e5 2. Nf3 Nc6 3. Bb5 a6 4. Ba4 Nf6 5. O-O b5 6. Bb3 Be7 7. Re1 d6 8. h3
Na5 9. c3 Nxb3 10. axb3 Bb7 11. d3 O-O 12. Nbd2 Re8 13. Nf1 Bf8 14. c4 g6 15.
Bd2 Bg7 16. Qc1 c6 17. Bh6 Bh8 18. Ng3 Nd7 19. Qd2 Nc5 20. Qc2 Rc8 21. b4 Ne6
22. c5 Rc7 23. Rac1 Rd7 24. Red1 Qf6 25. Qd2 Qe7 26. Be3 h5 27. Rc2 Bg7 28. Kh1
Red8 29. Qe2 Kh7 30. Kg1 h4 31. Nf1 d5 32. Rcc1 Bc8 33. N1h2 Nf4 34. Bxf4 exf4
35. Ng4 f5 36. Ngh2 dxe4 37. dxe4 Rxd1+ 38. Rxd1 Rxd1+ 39. Qxd1 fxe4 40. Nd4
Qd7 41. Qg4 Qxg4 42. Nxg4 Bxg4 43. Nxc6 Bc8 44. b3 Bc3 45. Kf1 Kg7 46. Ke2 Kf6
47. Kd1 f3 48. gxf3 exf3 49. Na7 Bxh3 50. c6 Be5 0-1

[Event "SR 2. liga A 2004/2005"]
[Site "?"]
[Date "2005.03.19"]
[Round "10.7"]
[White "Toth_Vano, Peter"]
[Black "Vrba, Michal"]
[Result "1/2-1/2"]
[WhiteElo "2055"]
[BlackElo "1879"]
[PlyCount "44"]
[EventDate "2004.??.??"]
[TimeControl "240+2"]

{48MB, Fritz8.ctg, FRATRIC-A552EF0} 1. e4 d5 2. exd5 Qxd5 3. Nc3 Qa5 4. d4 c6
5. Nf3 Nf6 6. Bd2 Bf5 7. Bc4 Qc7 8. Ne5 e6 9. Qe2 Nbd7 10. Bf4 Bd6 11. h3 Nb6
12. Bd3 Bxd3 13. Qxd3 O-O-O 14. Ne4 Nxe4 15. Qxe4 Nd5 16. Bh2 f6 17. Nf3 Bxh2
18. Nxh2 Qa5+ 19. c3 Nxc3 20. Qxe6+ Kb8 21. O-O Nd5 22. Qf7 Qc7 1/2-1/2

[Event "SR 2. liga A 2004/2005"]
[Site "?"]
[Date "2005.03.19"]
[Round "10.8"]
[White "Gursky, Stefan"]
[Black "Kolesar, Rastislav"]
[Result "1-0"]
[WhiteElo "2132"]
[BlackElo "1858"]
[PlyCount "87"]
[EventDate "2004.??.??"]

1. e4 e5 2. Nf3 Nc6 3. Bb5 a6 4. Bxc6 dxc6 5. O-O Bd6 6. d4 Bg4 7. dxe5 Bxf3 8.
Qxf3 Bxe5 9. Nd2 Qe7 10. Nc4 Bd6 11. Bd2 Qe6 12. b3 O-O-O 13. Bc3 f6 14. Rfe1
Bc5 15. Ne3 Ne7 16. Rad1 Rhe8 17. Nf5 Rxd1 18. Nxe7+ Qxe7 19. Qxd1 Bb4 20. Qf3
Bxc3 21. Qxc3 Qe5 22. Qh3+ Kb8 23. Qd3 Qd6 24. g3 Kc8 25. Kf1 Rd8 26. Rd1 Qe7
27. Qxd8+ Qxd8 28. Rxd8+ Kxd8 29. Ke2 Ke7 30. f4 Kd6 31. Kd3 b6 32. c4 Ke6 33.
Kd4 c5+ 34. Ke3 Kd6 35. g4 Ke6 36. h4 h6 37. e5 fxe5 38. f5+ Kf6 39. Ke4 g5 40.
fxg6 Kxg6 41. Kxe5 Kf7 42. a4 Ke7 43. a5 bxa5 44. Kd5 1-0

[Event "SR 2. liga A 2004/2005"]
[Site "?"]
[Date "2005.03.19"]
[Round "10.8"]
[White "Jelenciak, Jozef"]
[Black "Vyboch, Jozef"]
[Result "0-1"]
[WhiteElo "1912"]
[BlackElo "1983"]
[PlyCount "50"]
[EventDate "2004.??.??"]

1. e4 c5 2. Nc3 Nc6 3. g3 g6 4. Bg2 Bg7 5. d3 d6 6. f4 Nf6 7. Nf3 O-O 8. O-O
Nh5 9. f5 Ne5 10. Bg5 h6 11. Bd2 Kh7 12. Nxe5 dxe5 13. g4 Nf4 14. Bxf4 exf4 15.
Rxf4 e6 16. fxg6+ fxg6 17. Qf3 Qd4+ 18. Kh1 Bd7 19. Rf1 b5 20. e5 Qxe5 21. Qb7
Rxf4 22. Qxa8 Rxf1+ 23. Bxf1 Qe1 24. Qf3 Bxc3 25. bxc3 Bc6 0-1

[Event "SR 2. liga A 2004/2005"]
[Site "?"]
[Date "2005.03.19"]
[Round "10.8"]
[White "Kleman, Miroslav"]
[Black "Skapik, Branislav"]
[Result "1-0"]
[WhiteElo "2142"]
[BlackElo "1769"]
[PlyCount "41"]
[EventDate "2004.??.??"]

1. Nf3 Nc6 2. d4 d5 3. e3 a6 4. b3 Bg4 5. Bb2 Nf6 6. Be2 e6 7. O-O Be7 8. Ne5
Nxe5 9. dxe5 Bxe2 10. Qxe2 Nd7 11. e4 c6 12. Nd2 Qc7 13. exd5 cxd5 14. c4 dxc4
15. Nxc4 b5 16. Nd6+ Bxd6 17. exd6 Qxd6 18. Rfd1 Qc6 19. Ba3 Rd8 20. Rd6 Qb7
21. Rxe6+ 1-0

[Event "SR 2. liga A 2004/2005"]
[Site "?"]
[Date "2005.03.19"]
[Round "10.8"]
[White "Lutter, Ladislav"]
[Black "Fratric, Igor"]
[Result "0-1"]
[WhiteElo "2036"]
[BlackElo "1930"]
[PlyCount "116"]
[EventDate "2004.??.??"]
[TimeControl "240+2"]

{48MB, Fritz8.ctg, FRATRIC-A552EF0} 1. d4 c6 2. e4 d5 3. e5 Bf5 4. Bd3 Bxd3 5.
Qxd3 e6 6. Nf3 Qa5+ 7. c3 Qa6 8. Qe3 c5 9. dxc5 Nd7 10. b4 b6 11. c6 Nb8 12.
Nd4 Qc8 13. b5 a6 14. Qe2 Ne7 15. Bg5 axb5 16. Bxe7 Bxe7 17. Qxb5 Qc7 18. O-O
Ra5 19. Qd3 Qxe5 20. Nd2 O-O 21. Rfe1 Qc7 22. N2b3 Ra8 23. Qb5 Rc8 24. Qe2 Nxc6
25. Nb5 Qd7 26. Qg4 Bf6 27. Qe2 Na5 28. Qd3 Nc4 29. a4 Nb2 30. Qc2 Nxa4 31.
N3d4 Nc5 32. Reb1 Ne4 33. Qb2 Nd6 34. g3 Nxb5 35. Nxb5 Qc6 36. Rc1 Rxa1 37.
Rxa1 g6 38. Ra3 Ra8 39. Rb3 Qc4 40. Kg2 Be7 41. Nd4 Bc5 42. Nf3 Ra1 43. Nd2 Qa4
44. Rxb6 Bxb6 45. Qxb6 Qa7 46. Qd8+ Kg7 47. Qg5 Ra2 48. Qf4 Qc5 49. g4 Qxc3 50.
Nf3 Qf6 51. Qd6 Qb2 52. Qc5 Ra3 53. Ng5 Ra6 54. h4 h6 55. Nxf7 Qb6 56. Qc1 Kxf7
57. Qxh6 Qd4 58. Qg5 Ra2 0-1

[Event "SR 2. liga A 2004/2005"]
[Site "?"]
[Date "2005.03.19"]
[Round "10.8"]
[White "Nepras, Martin"]
[Black "Skocik, Jozef"]
[Result "1-0"]
[WhiteElo "1973"]
[BlackElo "1731"]
[PlyCount "69"]
[EventDate "2004.??.??"]

1. d4 e6 2. c4 f5 3. Nc3 Nf6 4. Bg5 Be7 5. Nf3 O-O 6. g3 c6 7. Bg2 Ne4 8. Bxe7
Qxe7 9. O-O d5 10. Qc2 Bd7 11. c5 Be8 12. b4 Nxc3 13. Qxc3 Nd7 14. a4 Bh5 15.
Rfd1 Bxf3 16. Bxf3 e5 17. dxe5 Nxe5 18. Qd4 Nxf3+ 19. exf3 Qf6 20. Qf4 g5 21.
Qd2 a6 22. Re1 Rfe8 23. b5 axb5 24. Rxe8+ Rxe8 25. Rb1 Qe7 26. axb5 h6 27. bxc6
bxc6 28. Qc2 Qd7 29. Rb6 Qe6 30. Qb2 Rc8 31. Rb7 Qg6 32. Qe5 h5 33. Re7 Kf8 34.
Re6 Qg7 35. Qxf5+ 1-0

[Event "SR 2. liga A 2004/2005"]
[Site "?"]
[Date "2005.03.19"]
[Round "10.8"]
[White "Zdrazil, Bohumir"]
[Black "Sefcik, Marek"]
[Result "0-1"]
[WhiteElo "1977"]
[BlackElo "1961"]
[PlyCount "114"]
[EventDate "2004.??.??"]

1. e4 Nc6 2. d4 e5 3. d5 Nce7 4. Nf3 Ng6 5. Nc3 Bb4 6. a3 Bxc3+ 7. bxc3 d6 8.
Bb5+ Bd7 9. Rb1 Bxb5 10. Rxb5 b6 11. g3 Nf6 12. Qe2 h6 13. Rb4 a5 14. Rb3 Qc8
15. h3 O-O 16. Kf1 Re8 17. Kg2 Nf8 18. Ne1 Ng6 19. c4 Qd7 20. Rf3 Nh7 21. Rf5
Ne7 22. Rf3 f5 23. exf5 Nxf5 24. c3 Rf8 25. Nc2 Rf7 26. Ne3 Raf8 27. Nxf5 Rxf5
28. Rxf5 Qxf5 29. f3 Nf6 30. g4 Qg6 31. Rf1 Nh5 32. Kh2 Nf4 33. Bxf4 Rxf4 34.
Kg2 Qf7 35. Rd1 Qd7 36. Re1 Qa4 37. Qd3 Qxa3 38. Qg6 Qxc3 39. Rf1 Qxc4 40. Qe6+
Kh7 41. g5 hxg5 42. Re1 Qc3 43. Rf1 a4 44. Qe8 Rh4 45. Qe6 Rf4 46. Qe8 Qd2+ 47.
Rf2 Qxd5 48. Qh5+ Kg8 49. Qxg5 Rf6 50. h4 a3 51. Kh2 Qf7 52. Qg2 Rh6 53. f4
Rxh4+ 54. Kg1 exf4 55. Qa8+ Kh7 56. Rg2 f3 57. Qxf3 Rh1+ 0-1

[Event "SR 2. liga A 2004/2005"]
[Site "?"]
[Date "2005.03.19"]
[Round "11.1"]
[White "Biro, Karol"]
[Black "Harasta, Vladimir"]
[Result "0-1"]
[WhiteElo "2227"]
[BlackElo "2140"]
[PlyCount "134"]
[EventDate "2004.??.??"]

1. e4 e5 2. Nc3 Nf6 3. Nge2 Bc5 4. d4 exd4 5. Nxd4 Nc6 6. Nb3 Bb4 7. Bd3 d5 8.
exd5 Nxd5 9. O-O Nxc3 10. Qe1+ Be6 11. bxc3 Be7 12. Nd4 Nxd4 13. cxd4 O-O 14.
Qe4 g6 15. Qxb7 Qxd4 16. Bh6 Rab8 17. Qf3 Bd5 18. Qe3 Qxe3 19. Bxe3 Bf6 20.
Bxa7 Ra8 21. Bc5 Bxa1 22. Bxf8 Bc3 23. Bh6 Rxa2 24. Rb1 Ra1 25. Rxa1 Bxa1 26.
Kf1 Be5 27. g3 f6 28. Ke2 Kf7 29. Ke3 Ke6 30. Bf8 Bb2 31. f4 Bc3 32. Bc5 f5 33.
Bd4 Bxd4+ 34. Kxd4 Kd6 35. h3 h5 36. Bb5 c6 37. Ba4 Bg2 38. Bb3 c5+ 39. Kc3
Bxh3 40. Bf7 Bg4 41. Bxg6 Kd5 42. Kd3 Kd6 43. Bf7 Bf3 44. Kc3 Be2 45. Kb3 Bf3
46. Ka4 Bd1 47. Kb3 Be2 48. Bc4 Bxc4+ 49. Kxc4 Kc6 50. c3 Kd6 51. Kb5 Kd5 52.
Kb6 Ke4 53. Kxc5 Kf3 54. Kd4 Kxg3 55. c4 h4 56. c5 h3 57. c6 h2 58. c7 h1=Q 59.
c8=Q Qe4+ 60. Kc3 Qxf4 61. Qe6 Qe4 62. Qg6+ Kf2 63. Kd2 Qe3+ 64. Kd1 f4 65. Qg5
Qd3+ 66. Kc1 Qg3 67. Qh5 Qc3+ 0-1

[Event "SR 2. liga A 2004/2005"]
[Site "?"]
[Date "2005.03.20"]
[Round "11.1"]
[White "Fraas, Martin"]
[Black "Felcir, Jaroslav"]
[Result "1/2-1/2"]
[WhiteElo "2194"]
[BlackElo "2208"]
[PlyCount "102"]
[EventDate "2004.??.??"]

1. e4 e5 2. Nf3 Nc6 3. Bb5 Bc5 4. O-O Nge7 5. Nxe5 Nxe5 6. d4 c6 7. Ba4 Bd6 8.
dxe5 Bxe5 9. f4 Qb6+ 10. Kh1 Bxb2 11. Bxb2 Qxb2 12. Nd2 Qd4 13. c3 Qxc3 14. Rc1
Qd4 15. Rc4 Qb2 16. Rc2 Qb4 17. Rc4 Qa5 18. Bc2 f5 19. Rd4 d5 20. exd5 cxd5 21.
Re1 Bd7 22. Nc4 dxc4 23. Rxe7+ Kxe7 24. Rxd7+ Ke8 25. Ba4 b5 26. Rb7 Qd8 27.
Bxb5+ Kf8 28. Qe1 c3 29. Bc4 Qf6 30. Qc1 Rd8 31. h3 Rd4 32. Qa3+ Qd6 33. Rf7+
Ke8 34. Qa4+ Kd8 35. Qa5+ Qb6 36. Qxc3 Rd1+ 37. Kh2 Re8 38. Rxg7 Qg1+ 39. Kg3
Qe3+ 40. Kh4 Qxf4+ 41. g4 Qxc4 42. Qf6+ Kc8 43. Rxa7 fxg4 44. Ra8+ Kb7 45. Rxe8
gxh3+ 46. Kh5 Rd5+ 47. Kh6 Qc1+ 48. Kxh7 Qc7+ 49. Re7 Rd7 50. Qf3+ Kb8 51. Qb3+
Kc8 1/2-1/2

[Event "SR 2. liga A 2004/2005"]
[Site "?"]
[Date "2005.03.20"]
[Round "11.1"]
[White "Kebis, Milos"]
[Black "Meszaros, Michal"]
[Result "0-1"]
[WhiteElo "2082"]
[BlackElo "2347"]
[PlyCount "70"]
[EventDate "2004.??.??"]

1. c4 g6 2. Nc3 c5 3. Nf3 Bg7 4. g3 Nc6 5. Bg2 d6 6. O-O Nh6 7. d4 cxd4 8. Bxh6
Bxh6 9. Nxd4 Bd7 10. e4 O-O 11. Nxc6 Bxc6 12. Qe2 Bg7 13. Rac1 a6 14. Rfd1 b6
15. f4 Qb8 16. h4 b5 17. Nd5 Qa7+ 18. Kh2 bxc4 19. e5 dxe5 20. fxe5 Rac8 21.
Bh3 Rcd8 22. Bg2 Bb5 23. Qe4 Kh8 24. Nc3 Qb8 25. a4 Bd7 26. Re1 Bf5 27. Qf4
Qxb2 28. Re2 Qa3 29. Nd5 e6 30. Nf6 Bd3 31. Rf2 Qc5 32. h5 Rd4 33. Qf3 Qxe5 34.
h6 Bxh6 35. Rh1 Bg7 0-1

[Event "SR 2. liga A 2004/2005"]
[Site "?"]
[Date "2005.03.20"]
[Round "11.1"]
[White "Matejovic, Juraj"]
[Black "Smolen, Jan"]
[Result "0-1"]
[WhiteElo "2204"]
[BlackElo "2356"]
[PlyCount "54"]
[EventDate "2004.??.??"]
[TimeControl "240+2"]

{48MB, Fritz8.ctg, FRATRIC-A552EF0} 1. Nf3 d6 2. e4 Bg4 3. Bc4 e6 4. d4 Nf6 5.
Nbd2 c6 6. c3 Be7 7. Qe2 O-O 8. h3 Bh5 9. g4 Bg6 10. e5 Nd5 11. Ne4 Bxe4 12.
exd6 Qxd6 13. Qxe4 Nd7 14. g5 c5 15. Bd3 f5 16. gxf6 N5xf6 17. Qe2 Nd5 18. Bd2
Nf4 19. Bxf4 Qxf4 20. Qxe6+ Kh8 21. Qe4 Qh6 22. Nd2 Bg5 23. O-O-O Rxf2 24. Qe1
Raf8 25. Rf1 Rxf1 26. Bxf1 cxd4 27. cxd4 Qg6 0-1

[Event "SR 2. liga A 2004/2005"]
[Site "?"]
[Date "2005.03.20"]
[Round "11.1"]
[White "Polacik, Igor"]
[Black "Lesny, Stefan"]
[Result "1/2-1/2"]
[WhiteElo "2014"]
[BlackElo "2077"]
[PlyCount "56"]
[EventDate "2004.??.??"]

1. e4 e5 2. Nf3 Nc6 3. d4 exd4 4. Nxd4 d6 5. c4 Be7 6. Be2 Bf6 7. Be3 Nge7 8.
Nc3 Nxd4 9. Bxd4 Nc6 10. Bxf6 Qxf6 11. Nd5 Qd8 12. O-O Ne7 13. Rc1 O-O 14. Qc2
Ng6 15. Rfd1 c6 16. Ne3 Qf6 17. Rd2 Nf4 18. Bf1 Qg6 19. Rcd1 Rd8 20. e5 Qxc2
21. Rxc2 d5 22. Rcd2 Be6 23. g3 Ng6 24. f4 Ne7 25. g4 g6 26. Bh3 h5 27. Kg2
hxg4 28. Bxg4 Rf8 1/2-1/2